00586nam a2200193Ia 450000500170000000800410001708200210005810000150007924500940009426000170018830000150020565000110022065000100023165000170024170000160025894200060027495200970028099900150037720250108060633.0240331s9999 xx 000 0 und d bCEN22737a305.4 aCENWOR. ed 0aChanging Gender Roles & Relations:bWomen in Traditional, Colonial and Contemporary Times bCENWORc1997 aiv, 59 p., aGender aWomen aContemporary aCENWOReedt cL 001040708LaWERCLbWERCLcSSCd2024-03-31l0o 305.4 CHAp2737r2024-03-31w2024-03-31yL c1863d1863